Los cambios de velocidades con ruedas dentadas en las máquinas herramientas /

Guardado en:
Autor Principal: Petitti, Italo A.
Formato: Libro
Idioma:Spanish
Publicado: Córdoba : Universidad Nacional, 1968.
Etiquetas: Agregar Etiqueta
Sin Etiquetas, Sea el primero en etiquetar este registro!
LEADER 00500nam a22001455a 4500
001 EUN.um034129
003 AR-BaUNS
005 20050623122908.0
008 041125s1968####ag#a##########000#0#spa#d
245 1 4 |a Los cambios de velocidades con ruedas dentadas en las máquinas herramientas /  |c Italo A. Petitti. 
260 |a Córdoba :  |b Universidad Nacional,  |c 1968. 
300 |a 77 p. :  |b ilus. ;  |c 26,5 cm. 
100 1 |a Petitti, Italo A. 
082 0 4 |a 621.83 
859 |a Ar-BaUNS  |b BIB. CENTRAL - Sector C  |h 621.83  |i P453  |p 57826/970